[Event "Madrid-ch"]
[Site "Madrid"]
[Date "2015.02.11"]
[Round "6"]
[White "Perez Cameselle, Francisco Jose"]
[Black "Garcia Carbonell, Francisco"]
[Result "1-0"]
[WhiteElo "1849"]
[BlackElo "1658"]
[PlyCount "79"]
[EventDate "2015.02.02"]
[EventType "swiss"]
[EventRounds "9"]
[EventCountry "ESP"]
[SourceTitle "CBM 164 Extra"]
[Source "ChessBase"]
[SourceDate "2015.03.02"]
[SourceVersion "1"]
[SourceVersionDate "2015.03.02"]
[SourceQuality "1"]

1. e4 d5 2. exd5 Nf6 3. Nc3 Bg4 4. Nf3 Nxd5 5. Nxd5 Qxd5 6. Be2 Nc6 7. 0-0 0-0-0 8. d3 e5 9. h3 Bh5 10. Ne1 Bxe2 11. Qxe2 Nd4 12. Qe4 Qe6 13. c3 f5 14. Qe3 Nc6 15. f4 b6 16. b4 Re8 17. fxe5 Nxe5 18. Nf3 Qc6 19. Bd2 Qd6 20. d4 Nxf3+ 21. Qxf3 g6 22. Bf4 Qd8 23. Be5 Rg8 24. Qa8+ Kd7 25. Qd5+ Bd6 26. Rae1 Qa8 27. Qxa8 Rxa8 28. Bxd6 cxd6 29. Rf3 Rge8 30. Rfe3 Rxe3 31. Rxe3 Re8 32. Rxe8 Kxe8 33. c4 Ke7 34. Kf2 g5 35. g3 h5 36. Kf3 Kf6 37. h4 a6 38. c5 bxc5 39. dxc5 dxc5 40. bxc5 1-0

[Event "Madrid-ch"]
[Site "Madrid"]
[Date "2015.02.09"]
[Round "4"]
[White "Jarne Ubieto, Francisco"]
[Black "Garcia Carbonell, Francisco"]
[Result "0-1"]
[WhiteElo "1325"]
[BlackElo "1658"]
[PlyCount "56"]
[EventDate "2015.02.02"]
[EventType "swiss"]
[EventRounds "9"]
[EventCountry "ESP"]
[SourceTitle "CBM 164 Extra"]
[Source "ChessBase"]
[SourceDate "2015.03.02"]
[SourceVersion "1"]
[SourceVersionDate "2015.03.02"]
[SourceQuality "1"]

1. d4 f5 2. Nf3 d5 3. e3 e6 4. Bd3 Bd6 5. 0-0 Nf6 6. b3 0-0 7. Bb2 Bd7 8. Nbd2 Be8 9. Ne5 Nbd7 10. f4 Ne4 11. c4 c6 12. Rc1 Bb4 13. Nxe4 fxe4 14. Be2 Qa5 15. a4 Bd2 16. Ba3 Bxe3+ 17. Kh1 Rxf4 18. Rc2 Nxe5 19. Rxf4 Bxf4 20. Qf1 Ng6 21. Bh5 dxc4 22. Bxg6 Bxg6 23. Rf2 Bf5 24. Rxf4 cxb3 25. g4 g5 26. Rf2 e3 27. Rxf5 exf5 28. Qa1 Qd5+ 0-1

[Event "Madrid-ch"]
[Site "Madrid"]
[Date "2014.02.15"]
[Round "5"]
[White "Lopez Ziegler, Juan Jose"]
[Black "Garcia Carbonell, Francisco"]
[Result "0-1"]
[WhiteElo "1512"]
[BlackElo "1666"]
[PlyCount "60"]
[EventDate "2014.02.06"]
[EventType "swiss"]
[EventRounds "9"]
[EventCountry "ESP"]
[SourceTitle "CBM 159 Extra"]
[Source "ChessBase"]
[SourceDate "2014.04.24"]
[SourceVersion "1"]
[SourceVersionDate "2014.04.24"]
[SourceQuality "1"]

1. d4 d5 2. Bf4 c6 3. e3 e6 4. Nf3 Nd7 5. Nbd2 Be7 6. h4 f5 7. Bg5 Ngf6 8. Ne5 0-0 9. f4 h6 10. Bxf6 Nxf6 11. Bd3 c5 12. c3 c4 13. Be2 Bd7 14. Ng6 Rf7 15. g4 fxg4 16. Bxg4 Nxg4 17. Qxg4 e5 18. Qg2 exf4 19. exf4 Bf5 20. 0-0-0 Qa5 21. Nb1 Qxa2 22. Nxe7+ Rxe7 23. Qxd5+ Be6 24. Qc5 Ree8 25. f5 Bf7 26. f6 Bg6 27. f7+ Kh7 28. f8N+ Rxf8 29. Na3 Qa1+ 30. Kd2 Qxb2+ 0-1

[Event "Madrid San Viator op 16th"]
[Site "Madrid"]
[Date "2011.05.15"]
[Round "7"]
[White "Garcia Carbonell, Francisco"]
[Black "Garcia Rojas, Juan Carlos"]
[Result "1-0"]
[WhiteElo "1745"]
[BlackElo "1573"]
[PlyCount "165"]
[EventDate "2011.03.27"]
[EventType "swiss"]
[EventRounds "9"]
[EventCountry "ESP"]
[SourceTitle "EXT 2012"]
[Source "ChessBase"]
[SourceDate "2011.11.24"]
[SourceVersion "1"]
[SourceVersionDate "2011.11.24"]
[SourceQuality "1"]

1. e4 e5 2. Nf3 Nc6 3. Bc4 d6 4. c3 Bg4 5. h3 Bh5 6. d3 Be7 7. Be3 Nf6 8. Nbd2 0-0 9. g4 Bg6 10. Nh4 d5 11. exd5 Nxd5 12. Nxg6 fxg6 13. Qb3 Kh8 14. Bxd5 Na5 15. Qb5 c6 16. Bxc6 bxc6 17. Qxe5 Bf6 18. Qc5 Be7 19. Qd4 Qb8 20. b4 Nb7 21. Qe4 Qc7 22. 0-0-0 a5 23. Nc4 axb4 24. Bb6 Bg5+ 25. Kb1 Qc8 26. h4 Bf6 27. g5 Bxc3 28. Rc1 Re8 29. Qf4 Qe6 30. Rc2 Qd5 31. Rd1 Qb5 32. Bd4 c5 33. Be5 Bxe5 34. Nxe5 b3 35. Re2 Rxa2 36. Nf7+ Kg8 37. Rxe8+ Qxe8 38. Qc4 Qxf7 39. Qg4 Nd6 40. f3 b2 41. Rd2 Qb7 42. Qe6+ Qf7 43. Qxa2 Qxa2+ 44. Kxa2 b1Q+ 45. Kxb1 Kf7 46. d4 cxd4 47. Rxd4 Nf5 48. Rd7+ Ke6 49. Ra7 Ke5 50. Ra4 Ng3 51. Kc2 Kf5 52. Kd2 Nh5 53. Ke3 h6 54. gxh6 gxh6 55. Ra5+ Kf6 56. Ke4 Ng3+ 57. Kf4 Ne2+ 58. Kg4 h5+ 59. Kh3 Nf4+ 60. Kg3 Ne2+ 61. Kf2 Nf4 62. Kf1 Ke6 63. Kg1 Kf6 64. Kh2 Ke6 65. Ra4 Kf5 66. Re4 Ne6 67. Kg3 g5 68. hxg5 Nxg5 69. Rf4+ Kg6 70. Kh4 Ne6 71. Ra4 Ng7 72. Ra6+ Kf5 73. Rh6 Kf4 74. Rf6+ Ke5 75. Rf7 Nf5+ 76. Kxh5 Ke6 77. Kg6 Nd6 78. Rf6+ Ke7 79. Rxd6 Kxd6 80. Kf6 Kd5 81. f4 Kd6 82. f5 Kd7 83. Kg7 1-0

[Event "Patrimonio op 2nd"]
[Site "Alcala de Henares"]
[Date "2007.10.10"]
[Round "4"]
[White "Avendano Mateos, Ivan Jose"]
[Black "Garcia Carbonell, Francisco"]
[Result "1/2-1/2"]
[WhiteElo "1982"]
[BlackElo "1781"]
[PlyCount "63"]
[EventDate "2007.10.07"]
[EventType "swiss"]
[EventRounds "9"]
[EventCountry "ESP"]
[SourceTitle "EXT 2008"]
[Source "ChessBase"]
[SourceDate "2007.11.25"]
[SourceVersion "1"]
[SourceVersionDate "2007.11.25"]
[SourceQuality "1"]

1. d4 d5 2. Nf3 Nf6 3. c4 dxc4 4. Nc3 a6 5. a4 e6 6. e3 c5 7. Bxc4 Nc6 8. 0-0 cxd4 9. exd4 Be7 10. Be3 Nb4 11. Qe2 Nbd5 12. Rfd1 0-0 13. Ne5 Bd7 14. Qf3 Nxc3 15. bxc3 Rc8 16. Bd2 Bc6 17. Nxc6 Rxc6 18. Bd3 Qa5 19. Re1 Rfc8 20. Re5 Nd5 21. Be4 Rxc3 22. Bxc3 Rxc3 23. Qe2 Bf6 24. Rh5 g6 25. Qg4 Qxa4 26. Re1 Bxd4 27. Rh4 Bxf2+ 28. Kxf2 Qd4+ 29. Kf1 Nf6 30. Qf4 Qc4+ 31. Kf2 Qd4+ 32. Kf1 1/2-1/2